Fundamentals of nursing : (Record no. 16453)
[ view plain ]
| 000 -LEADER | |
|---|---|
| fixed length control field | 00907pam a2200277 a 4500 |
| 001 - CONTROL NUMBER | |
| control field | 517539 |
| 005 - DATE AND TIME OF LATEST TRANSACTION | |
| control field | 20161110122836.0 |
| 008 - FIXED-LENGTH DATA ELEMENTS--GENERAL INFORMATION | |
| fixed length control field | 861017s1987 caua b 001 0 eng c |
| 010 ## - LIBRARY OF CONGRESS CONTROL NUMBER | |
| LC control number | 86026528 |
| 020 ## - INTERNATIONAL STANDARD BOOK NUMBER | |
| International Standard Book Number | 0201117746 |
| 040 ## - CATALOGING SOURCE | |
| Original cataloging agency | DNLM/DLC |
| Transcribing agency | DLC |
| Modifying agency | DLC |
| 050 00 - LIBRARY OF CONGRESS CALL NUMBER | |
| Classification number | RT41 |
| Item number | .K72 1987 |
| 060 ## - NATIONAL LIBRARY OF MEDICINE CALL NUMBER | |
| Classification number | WY 100 K88fa |
| 100 1# - MAIN ENTRY--PERSONAL NAME | |
| Personal name | Kozier, Barbara. |
| 245 10 - TITLE STATEMENT | |
| Title | Fundamentals of nursing : |
| Remainder of title | concepts and procedures / |
| Statement of responsibility, etc. | Barbara Kozier, Glenora Erb. |
| 250 ## - EDITION STATEMENT | |
| Edition statement | 3rd ed. |
| 260 ## - PUBLICATION, DISTRIBUTION, ETC. (IMPRINT) | |
| Place of publication, distribution, etc. | Menlo Park, Calif. : |
| Name of publisher, distributor, etc. | Addison-Wesley Pub. Co., Health Sciences Division, |
| Date of publication, distribution, etc. | c1987. |
| 300 ## - PHYSICAL DESCRIPTION | |
| Extent | xxvii, 1658, 60 p. : |
| Other physical details | ill. ; |
| Dimensions | 30 cm. |
| 504 ## - BIBLIOGRAPHY, ETC. NOTE | |
| Bibliography, etc | Includes bibliographies and index. |
| 650 #0 - SUBJECT ADDED ENTRY--TOPICAL TERM | |
| Topical term or geographic name as entry element | Nursing. |
| 650 #2 - SUBJECT ADDED ENTRY--TOPICAL TERM | |
| Topical term or geographic name as entry element | Nursing Care. |
| 700 1# - ADDED ENTRY--PERSONAL NAME | |
| Personal name | Erb, Glenora Lea, |
| Dates associated with a name | 1937- |
| 942 ## - ADDED ENTRY ELEMENTS (KOHA) | |
| Source of classification or shelving scheme | |
| Koha item type | Hard Covered Materials |
| Classification part | RT41 .K72 1987 |
| Withdrawn status | Lost status | Source of classification or shelving scheme | Damaged status | Not for loan | Home library | Current library | Shelving location | Date acquired | Source of acquisition | Total Checkouts | Full call number | Barcode | Date last seen | Price effective from | Koha item type |
|---|---|---|---|---|---|---|---|---|---|---|---|---|---|---|---|
| MACHAKOS UNIVERSITY LIBRARY | MACHAKOS UNIVERSITY LIBRARY | Open shelf | 10/11/2016 | Donation(BFA) | RT41 .K72 1987 | 27377 | 10/11/2016 | 10/11/2016 | Hard Covered Materials |